Les pays visités par la flamme olympique depuis 1936 - Statistiques

Statistiques générales
  • Ce quiz a été pris 47 fois
  • Le résultat moyen est 43 sur 66
Statistiques - réponses
Hint Années Pays % Correct
7 1960 - 1980 - 1984 - 1996 - 2002 - 2004 - 2008 Etats-Unis
100%
7 1948 - 1968 - 1992 - 2004 - 2006 - 2008 - 2024 France
98%
2 2004 - 2016 Brésil
95%
2 1948 - 2004 Belgique
93%
6 1948 - 1956 - 1960 - 1968 - 2004 - 2006 Italie
93%
6 1964 - 1972 - 1998 - 2004 - 2008 - 2020 Japon
93%
2 1968 - 2004 Mexique
93%
3 2004 - 2008 - 2014 Russie
93%
3 1952 - 1994 - 2004 Suède
93%
5 1936 - 1952 - 1972 - 1994 - 2004 Allemagne
91%
3 1968 - 1992 - 2004 Espagne
91%
4 1976 - 1988 - 2004 - 2010 Canada
88%
3 2004 - 2008 - 2022 Chine
88%
3 1952 - 1994 - 2004 Finlande
88%
3 1952 - 1960 - 1994 Norvège
88%
4 1948 - 2004 - 2008 - 2012 Royaume-Uni
88%
4 1948 - 2004 - 2006 - 2016 Suisse
88%
1 2004 Afrique-du-Sud
86%
4 1956 - 2000 - 2004 - 2008 Australie
86%
3 1952 - 1960 - 1994 Danemark
86%
1 2004 Pays-Bas
86%
4 1988 - 2004 - 2008 - 2018 Corée-du-Sud
84%
5 1956 - 1964 - 1972 - 2004 - 2008 Turquie
81%
1 2008 Argentine
79%
5 1936 - 1964 - 1972 - 1976 - 2006 Autriche
79%
1 2004 Egypte
79%
1 2000 Nouvelle-Zélande
79%
2 1972 - 1980 Roumanie
79%
1 2004 Ukraine
79%
4 1956 - 1964 - 2004 - 2008 Inde
74%
1 1948 Luxembourg
74%
4 1936 - 1972 - 1980 - 2004 Bulgarie
72%
2 1936 - 1972 Hongrie
72%
1 1964 Iran
72%
3 1956 - 1964 - 2008 Pakistan
72%
1 1956 Irak
67%
4 1956 - 1964 - 1988 - 2008 Thaïlande
65%
1 2008 Indonésie
63%
1 2006 Slovénie
63%
1 1964 Liban
58%
1 2008 Corée-du-Nord
53%
1 2008 Kazakhstan
53%
2 1964 - 2008 Malaisie
53%
1 2008 Vietnam
53%
1 1964 Philippines
51%
1 1956 Singapour
51%
1 1964 Taïwan
51%
1 2006 Vatican
51%
3 1936 - 1972 - 1984 Yougoslavie
51%
1 1980 URSS
49%
1 1964 Népal
47%
1 2006 Saint-Marin
47%
1 1964 Birmanie
44%
1 2004 Chypre
37%
1 2000 Samoa
37%
1 1936 Tchécoslovaquie
37%
1 2000 Palaos
33%
1 2000 Tonga
33%
1 2000 Vanuatu
33%
1 2000 Micronésie
30%
1 2000 Papouasie-Nouvelle-Guinée
30%
1 2000 Salomon
30%
1 2000 Nauru
23%
1 2008 Oman
23%
1 1968 Bahamas
16%
1 2008 Tanzanie
16%
Aucun quiz correspondant
Distribution des résultats
% des personnes avec chaque résultat
Percentile par nombre de réponses
Votre historique - résultats
Vous n’avez pas pris ce quiz